000 00416nam a22001697a 4500
005 20260402115212.0
008 260402b |||||||| |||| 00| 0 eng d
020 _a9789392135323
041 _aEnglish
082 _a347.072 MYN
100 _a Myneni, S.R
245 _aDrafting, Pleading & Conveyancing
260 _a Hyderabad :
_b Asia Law House
_c2022
300 _a654 p
650 _bDrafting
942 _cDB
999 _c9583
_d9583